000 00435cam a2200169ua 4500
020 _c2.50
041 _amal
_h
082 _a954.83
_bZAI/KE
100 _aZainuddin, Sheik .
245 _aKeralam pathinanchum pathinarum noottandukalil /
_cSheik Zainuddin.
_hTextual Documents
260 _a :
_bVelayudhan Panikkassery ,
_c1963.
300 _a176 ; .
365 _a2.50
504 _a
942 _cBK
999 _c4604
_d4604